Normal view
MARC view
- Stem
Entry Topical Term
001 - CONTROL NUMBER
- control field: 86656
003 - CONTROL NUMBER IDENTIFIER
- control field: OSt
005 - DATE AND TIME OF LATEST TRANSACTION
- control field: 20250903140314.0
008 - FIXED-LENGTH DATA ELEMENTS
- fixed length control field: 250903|| aca||aabn | a|a d
040 ## - CATALOGING SOURCE
- Original cataloging agency: OSt
- Transcribing agency: OSt
150 ## - HEADING--TOPICAL TERM
- Topical term or geographic name as entry element: Stem
670 ## - SOURCE DATA FOUND
- Source citation: Work cat.: (OSt)49495: Dickmann, Nancy 85720, Stem fun!:, 2021